Orientaciones para la incorporación del conocimiento mapuche al trabajo escolar

محفوظ في:
التفاصيل البيبلوغرافية
المؤلفون الرئيسيون: Quidel Lincoleo, José (مؤلف), Huentecura Curiqueo, Jorge (مؤلف), Rain Huentemilla, Nilsa (مؤلف), Hernández Sallés, Arturo (مؤلف)
التنسيق: كتاب
اللغة:الإسبانية
الأروكانية
منشور في: Santiago Ministerio de Educación 2002
الموضوعات:
الوسوم: إضافة وسم
لا توجد وسوم, كن أول من يضع وسما على هذه التسجيلة!

MARC

LEADER 00000nam a2200000 a 4500
001 UCM8235
003 CL-VaPUC
008 030228e20020000CL |||||||||||||||||spa|d
041 0 7 |a spa  |2 CL-VaPUC 
041 0 7 |a arn  |2 CL-VaPUC 
082 0 4 |a 498.8  |b QUI  |2 21 
100 0 |a Quidel Lincoleo, José  |e author  |9 474222 
700 0 |a Huentecura Curiqueo, Jorge  |e author  |9 474223 
700 0 |a Rain Huentemilla, Nilsa  |e author  |9 474224 
700 |a Hernández Sallés, Arturo  |e author  |9 541683 
245 1 0 |a Orientaciones para la incorporación del conocimiento mapuche al trabajo escolar 
300 |a 49 p 
942 |c BK 
945 |d 20030228 00:00:00  |a cmena 
260 |a Santiago  |b Ministerio de Educación  |c 2002 
650 0 |a Educación lingüística  |9 306506 
650 0 |a Planificación del currículo  |9 269599 
650 0 |a Métodos de enseñanza  |9 270413 
650 7 |a MAPUDUNGUN  |2 CL-VaPUC  |9 414435 
583 |a last modification  |c 20030228 00:00:00  |k Rodrigo Vera 
999 |c 302812  |d 302810 
952 |0 0  |1 0  |4 0  |6 498_800000000000000_QUI_2002  |7 0  |8 A  |9 363577  |a BIBEDU  |b BIBEDU  |d 2019-11-21  |i 3880311  |o 498.8 QUI 2002  |p 3880311  |r 2019-11-21  |w 2019-11-21  |y BK  |k EPE 
952 |0 0  |1 0  |4 0  |6 498_800000000000000_QUI_2002  |7 0  |8 X  |9 363578  |a FDOMLP  |b FDOMLP  |d 2019-11-21  |i 3901378  |o 498.8 QUI 2002  |p 3901378  |r 2019-11-21  |w 2019-11-21  |y BK_X  |k BU2 
952 |0 0  |1 0  |4 0  |6 498_800000000000000_QUI_2002  |7 0  |8 A  |9 363579  |a BIBEDU  |b BIBEDU  |d 2019-11-21  |i 4174119  |o 498.8 QUI 2002  |p 4174119  |r 2019-11-21  |w 2019-11-21  |y BK  |k EBA 
952 |0 0  |1 0  |4 0  |6 498_800000000000000_QUI_2002  |7 0  |8 A  |9 363580  |a BIBEDU  |b BIBEDU  |d 2019-11-21  |i 4284399  |o 498.8 QUI 2002  |p 4284399  |r 2019-11-21  |w 2019-11-21  |y BK  |k EPE 
952 |0 0  |1 0  |4 0  |6 498_800000000000000_QUI_2002  |7 0  |8 A  |9 363581  |a BIBEDU  |b BIBEDU  |d 2019-11-21  |i 4299086  |o 498.8 QUI 2002  |p 4299086  |r 2019-11-21  |w 2019-11-21  |y BK  |k EBA 
952 |0 0  |1 0  |4 0  |6 498_800000000000000_QUI_2002  |7 0  |8 A  |9 363582  |a BIBHIS  |b BIBHIS  |d 2019-11-21  |i 459102K  |o 498.8 QUI 2002  |p 459102K  |r 2025-01-20  |w 2019-11-21  |y BK  |k HIS